Países africanos con el mayor número de cristianos - Estadísticas

Estadísticas generales
  • Esta prueba ha sido intentada 2.941 veces
  • La puntuación promedio es 7 de 10
Estadísticas de respuestas
# País % % Correcto
55,6 M Sudáfrica 85,3
95%
110 M Nigeria 45,9
90%
106 M R.D. Congo 92
89%
103 M Etiopía 75
78%
45,8 M Kenia 78,7
77%
31,4 M Angola 79,1
74%
44,1 M Tanzania 61,4
72%
25,3 M Ghana 71,3
61%
44,1 M Uganda 84,5
56%
28,2 M Madagascar 85
50%
No se encontraron pruebas coincidentes
Distribución de puntuación
Porcentaje de gente con cada puntuación
Porcentaje por número respondido
Historial de tus puntuaciones
No has intentado esta prueba.